000
00284nam a2200109Ia 4500
008
171211s9999 xx 000 0 und d
245
_a
SEO Warrior
245
_c
Jerkovic John
260
_c
2009
650
_x
Web Development
856
_u
http://down.ebook777.com/016/9780596157074.pdf
999
_c
350052
_d
350052